<?xml version="1.0" encoding="UTF-8"?>
<collection xmlns="http://www.loc.gov/MARC21/slim">
 <record>
  <leader>01253nam a22002771  4500</leader>
  <controlfield tag="001">1/16781</controlfield>
  <controlfield tag="008">000126s1998    enk                 eng d</controlfield>
  <datafield tag="020" ind1=" " ind2=" ">
   <subfield code="a">1858983576 (3 volume set)</subfield>
  </datafield>
  <datafield tag="035" ind1=" " ind2=" ">
   <subfield code="l">17297</subfield>
  </datafield>
  <datafield tag="040" ind1=" " ind2=" ">
   <subfield code="a">DLC</subfield>
   <subfield code="b">GR-PeUP</subfield>
  </datafield>
  <datafield tag="082" ind1="0" ind2="0">
   <subfield code="a">339.2'3 IN</subfield>
  </datafield>
  <datafield tag="245" ind1="0" ind2="0">
   <subfield code="a">Input-output analysis /</subfield>
   <subfield code="c">Edited by Heinz D. Kurz, Erik Dietzenbacher, Christian Lager</subfield>
  </datafield>
  <datafield tag="260" ind1=" " ind2=" ">
   <subfield code="a">Cheltenham :</subfield>
   <subfield code="b">Edward Elgar Publishing Limited ,</subfield>
   <subfield code="c">1998</subfield>
  </datafield>
  <datafield tag="300" ind1=" " ind2=" ">
   <subfield code="a">3v (li,531, xliii,523, xxviii,439) :</subfield>
   <subfield code="b">tabl. ,</subfield>
   <subfield code="c">24 cm.</subfield>
  </datafield>
  <datafield tag="490" ind1="1" ind2=" ">
   <subfield code="a">The International Library of Critical Writings in Economics ;</subfield>
  </datafield>
  <datafield tag="500" ind1=" " ind2=" ">
   <subfield code="a">Include name index</subfield>
  </datafield>
  <datafield tag="650" ind1=" " ind2="4">
   <subfield code="a">Input-output analysis.</subfield>
  </datafield>
  <datafield tag="700" ind1="1" ind2=" ">
   <subfield code="a">Kurz, Heinz D.</subfield>
   <subfield code="e">ed.</subfield>
  </datafield>
  <datafield tag="700" ind1="1" ind2=" ">
   <subfield code="a">Dietzenbacher, Erik,</subfield>
   <subfield code="d">1958-</subfield>
   <subfield code="e">ed.</subfield>
  </datafield>
  <datafield tag="700" ind1="1" ind2=" ">
   <subfield code="a">Lager, Christian,</subfield>
   <subfield code="d">1951-</subfield>
   <subfield code="e">ed.</subfield>
  </datafield>
  <datafield tag="830" ind1=" " ind2="4">
   <subfield code="a">The International Library of Critical Writings in Economics ;</subfield>
   <subfield code="v">92.</subfield>
  </datafield>
  <datafield tag="830" ind1=" " ind2=" ">
   <subfield code="a">Elgar reference collection.</subfield>
  </datafield>
  <datafield tag="852" ind1=" " ind2=" ">
   <subfield code="a">INST</subfield>
   <subfield code="b">UNIPILB</subfield>
   <subfield code="c">MAIN</subfield>
   <subfield code="e">20040709</subfield>
   <subfield code="h">339.2'3 IN</subfield>
   <subfield code="p">00133223</subfield>
   <subfield code="q">00133223</subfield>
   <subfield code="t">LOAN</subfield>
   <subfield code="v">v.I:</subfield>
   <subfield code="y">0</subfield>
   <subfield code="z">v.I</subfield>
   <subfield code="4">1</subfield>
  </datafield>
  <datafield tag="852" ind1=" " ind2=" ">
   <subfield code="a">INST</subfield>
   <subfield code="b">UNIPILB</subfield>
   <subfield code="c">MAIN</subfield>
   <subfield code="e">20040709</subfield>
   <subfield code="h">339.2'3 IN</subfield>
   <subfield code="p">00133224</subfield>
   <subfield code="q">00133224</subfield>
   <subfield code="t">LOAN</subfield>
   <subfield code="v">v.II:</subfield>
   <subfield code="y">13</subfield>
   <subfield code="z">v.II</subfield>
   <subfield code="4">1</subfield>
  </datafield>
  <datafield tag="852" ind1=" " ind2=" ">
   <subfield code="a">INST</subfield>
   <subfield code="b">UNIPILB</subfield>
   <subfield code="c">MAIN</subfield>
   <subfield code="e">20040709</subfield>
   <subfield code="h">339.2'3 IN</subfield>
   <subfield code="p">00133225</subfield>
   <subfield code="q">00133225</subfield>
   <subfield code="t">LOAN</subfield>
   <subfield code="v">v.III:</subfield>
   <subfield code="y">0</subfield>
   <subfield code="z">v.III</subfield>
   <subfield code="4">1</subfield>
  </datafield>
  <datafield tag="856" ind1="4" ind2=" ">
   <subfield code="d">/webopac/covers/01/17297_1858983576.jpg</subfield>
   <subfield code="z">(3 volume set)</subfield>
  </datafield>
 </record>
</collection>
